[Event "14. Abierto de la Constitucion"]
[Site "San Sebastian delos Reyes ESP"]
[Date "2012.12.08"]
[Round "8.5"]
[White "Vukotic Jovsic, Dragan"]
[Black "Alfaya Marcelo, Roberto"]
[Result "1/2-1/2"]
[WhiteElo "2010"]
[BlackElo "1758"]
[PlyCount "146"]
[EventDate "2012.12.01"]
[EventType "swiss"]
[EventRounds "9"]
[EventCountry "ESP"]
[Source "lmi"]
[SourceDate "2012.12.01"]

1. d4 Nf6 2. Bf4 g6 3. Nf3 Bg7 4. e3 O-O 5. Be2 d6 6. h3 Nbd7 7. O-O c5 8. c3
b6 9. a4 Bb7 10. Nbd2 cxd4 11. exd4 Nd5 12. Bh2 Bh6 13. Re1 N7f6 14. a5 Qc8 15.
a6 Bc6 16. c4 Nb4 17. Qb3 Nxa6 18. c5 Nxc5 19. dxc5 bxc5 20. Ba6 Qd7 21. Bd3
Bg7 22. Ne4 Rfb8 23. Qd1 Rxb2 24. Nfg5 Nxe4 25. Bxe4 Bxe4 26. Nxe4 Bd4 27. Bxd6
exd6 28. Qxd4 cxd4 29. Nf6+ Kg7 30. Nxd7 Rb7 31. Ra6 Rxd7 32. Rd1 Rc8 33. Rxd4
d5 34. Ra5 Rc4 35. Rdxd5 Rxd5 36. Rxd5 Rc8 37. Ra5 Ra8 38. Ra6 f5 39. Kf1 Kf7
40. Ke2 Ke7 41. h4 Kd7 42. h5 gxh5 43. Rh6 a5 44. Rxh7+ Kd6 45. Rxh5 a4 46. Kd3
a3 47. Rh1 Kc5 48. Kc3 a2 49. Ra1 f4 50. Kb2 Re8 51. Rxa2 Kb4 52. Kc1 Kb3 53.
Rb2+ Kc3 54. Rc2+ Kd3 55. Rd2+ Kc3 56. Kd1 Rg8 57. f3 Re8 58. Re2 Rxe2 59. Kxe2
Kd4 60. Kf2 Ke5 61. Ke1 Kd5 62. Kd1 Ke5 63. Kc2 Kd4 64. Kd2 Kc4 65. Ke2 Kd4 66.
Kf2 Ke5 67. g4 fxg3+ 68. Kxg3 Kf5 69. f4 Kf6 70. Kg4 Kg6 71. f5+ Kf6 72. Kf4
Kf7 73. Ke5 Ke7 1/2-1/2

[Event "14. Abierto de la Constitucion"]
[Site "San Sebastian delos Reyes ESP"]
[Date "2012.12.08"]
[Round "8.6"]
[White "Almagro Llamas, Pablo"]
[Black "Sacristan Virseda, Fernando"]
[Result "1-0"]
[WhiteElo "2442"]
[BlackElo "1915"]
[PlyCount "37"]
[EventDate "2012.12.01"]
[EventType "swiss"]
[EventRounds "9"]
[EventCountry "ESP"]
[Source "lmi"]
[SourceDate "2012.12.01"]

1. e4 c5 2. Nf3 e6 3. b3 d5 4. exd5 exd5 5. Bb5+ Bd7 6. Bxd7+ Nxd7 7. O-O Be7
8. Re1 Nh6 9. d4 Nf5 10. Nc3 O-O 11. Nxd5 Bf6 12. Bb2 Bxd4 13. Nxd4 Nxd4 14.
Bxd4 cxd4 15. Qxd4 Nb6 16. Ne7+ Kh8 17. Qe4 Qc7 18. Re3 Rae8 19. Qxh7+ 1-0

[Event "14. Abierto de la Constitucion"]
[Site "San Sebastian delos Reyes ESP"]
[Date "2012.12.08"]
[Round "8.7"]
[White "Camarero Izquierdo, Juan C"]
[Black "Bustos Serrano, Doroteo"]
[Result "0-1"]
[WhiteElo "1924"]
[BlackElo "2098"]
[PlyCount "87"]
[EventDate "2012.12.01"]
[EventType "swiss"]
[EventRounds "9"]
[EventCountry "ESP"]
[Source "lmi"]
[SourceDate "2012.12.01"]

1. d4 d6 2. e4 g6 3. Nc3 c6 4. Be3 h5 5. Qd2 Nh6 6. f4 d5 7. e5 Ng4 8. Nf3 Nxe3
9. Qxe3 Bf5 10. Bd3 Bxd3 11. Qxd3 e6 12. Ng5 Na6 13. O-O-O Be7 14. h4 Qa5 15.
Kb1 b5 16. Qh3 Nc7 17. g4 Rb8 18. gxh5 Rxh5 19. Rhg1 b4 20. Ne2 Nb5 21. Rd3 Rb6
22. Nxe6 Rxh4 23. Qg3 fxe6 24. Qxg6+ Kd8 25. Qxe6 Rh8 26. f5 Nc3+ 27. Nxc3 bxc3
28. b3 Ra6 29. a4 Qb4 30. f6 Bf8 31. f7 Rxa4 32. Rxc3 Ra6 33. Rxc6 Rxc6 34.
Qxc6 Qxd4 35. Qf6+ Kc7 36. Qxh8 Qxg1+ 37. Ka2 Qc5 38. Qh2 Kd7 39. Qh3+ Kc7 40.
Qf5 a5 41. e6 Qa3+ 42. Kb1 Bg7 43. Qf4+ Kb7 44. Qc1 0-1

[Event "14. Abierto de la Constitucion"]
[Site "San Sebastian delos Reyes ESP"]
[Date "2012.12.08"]
[Round "8.8"]
[White "Lozano Sanchez, Jose Antonio"]
[Black "Lopez De Turiso, Jose Angel"]
[Result "0-1"]
[WhiteElo "1893"]
[BlackElo "2070"]
[PlyCount "86"]
[EventDate "2012.12.01"]
[EventType "swiss"]
[EventRounds "9"]
[EventCountry "ESP"]
[Source "lmi"]
[SourceDate "2012.12.01"]

1. e4 e5 2. Nf3 Nc6 3. Bc4 Nf6 4. d3 Be7 5. Nc3 O-O 6. a3 d6 7. h3 Nd7 8. Nd5
Nb6 9. Nxe7+ Qxe7 10. Bg5 Qe8 11. Ba2 Be6 12. O-O Bxa2 13. Rxa2 f5 14. exf5
Rxf5 15. Be3 Qe6 16. c4 Raf8 17. Nd2 d5 18. Bxb6 axb6 19. cxd5 Qxd5 20. Qb3 Rd8
21. Rd1 Rf7 22. Qxd5 Rxd5 23. Nc4 e4 24. b3 b5 25. Ne3 Rxd3 26. Rxd3 exd3 27.
Rd2 Rd7 28. Kf1 Na5 29. Rb2 c5 30. Ke1 c4 31. bxc4 bxc4 32. Rb5 b6 33. Rxb6 c3
34. Kd1 Rc7 35. Kc1 c2 36. Nf1 Re7 37. Ne3 Rc7 38. Nf1 Nc4 39. Rb8+ Kf7 40. Rd8
Rb7 41. Nd2 Nxd2 42. Kxd2 Rb1 43. Rc8 Rd1+ 0-1

[Event "14. Abierto de la Constitucion"]
[Site "San Sebastian delos Reyes ESP"]
[Date "2012.12.08"]
[Round "8.9"]
[White "Largo Barbero, Benito"]
[Black "Cavalle Pulla, Daniel"]
[Result "0-1"]
[WhiteElo "1871"]
[BlackElo "2016"]
[PlyCount "60"]
[EventDate "2012.12.01"]
[EventType "swiss"]
[EventRounds "9"]
[EventCountry "ESP"]
[Source "lmi"]
[SourceDate "2012.12.01"]

1. e4 e6 2. d4 d5 3. Nc3 Bb4 4. e5 c5 5. Qg4 g6 6. dxc5 Bxc3+ 7. bxc3 Qc7 8.
Nf3 Nd7 9. Qd4 Nxc5 10. Bb5+ Bd7 11. Bxd7+ Nxd7 12. O-O Ne7 13. Re1 Nf5 14. Qb4
Rc8 15. Bd2 Nc5 16. c4 dxc4 17. Qxc4 O-O 18. h3 Qc6 19. Qf4 Qa4 20. Qxa4 Nxa4
21. g4 Ne7 22. Bb4 Rfe8 23. Rac1 Nd5 24. Bd6 Rc3 25. Ng5 Rec8 26. Ne4 Rxc2 27.
Rxc2 Rxc2 28. Nf6+ Nxf6 29. exf6 Nc3 30. Bf4 Ne2+ 0-1

[Event "14. Abierto de la Constitucion"]
[Site "San Sebastian delos Reyes ESP"]
[Date "2012.12.08"]
[Round "8.10"]
[White "Gomez Ferrer, Jesus"]
[Black "De La Orden Alcocer, Alejandro"]
[Result "1-0"]
[WhiteElo "1968"]
[BlackElo "1895"]
[PlyCount "115"]
[EventDate "2012.12.01"]
[EventType "swiss"]
[EventRounds "9"]
[EventCountry "ESP"]
[Source "lmi"]
[SourceDate "2012.12.01"]

1. d4 d6 2. Nf3 Nf6 3. Bg5 Nbd7 4. c4 h6 5. Bh4 c6 6. Nc3 Qc7 7. e3 Qb6 8. Qc2
g5 9. Bg3 Nh5 10. Be2 Bg7 11. Nd2 Nxg3 12. hxg3 Nf6 13. a3 Be6 14. b4 d5 15.
Na4 Qc7 16. Nc5 Bg4 17. Bf3 e6 18. Rc1 Bf5 19. Qb3 O-O 20. Nd3 Ng4 21. Bxg4
Bxg4 22. Nf3 dxc4 23. Qxc4 Qe7 24. O-O f6 25. Nd2 Bh5 26. f4 Bf7 27. Qc5 Qd7
28. Nf3 Rfd8 29. Qc3 g4 30. Nh4 Rab8 31. f5 e5 32. Nc5 Qd6 33. dxe5 fxe5 34. f6
Bf8 35. Rcd1 Qc7 36. Rde1 Rd5 37. Qc2 Bxc5 38. bxc5 Qa5 39. Qe4 Qxc5 40. Qxg4+
Kf8 41. Qg7+ Ke8 42. Ng6 Rbd8 43. Qxh6 Rd2 44. Kh2 Qd5 45. Qf8+ Kd7 46. Qe7+
Kc8 47. Nh4 Rh8 48. e4 Qa2 49. Rg1 b6 50. Qxa7 Rg8 51. Qa6+ Kc7 52. Qa7+ Kc8
53. Qxb6 Qe6 54. Rc1 Rd6 55. Qa6+ Kc7 56. Rb1 Rc8 57. Rb7+ Kd8 58. Qa5+ 1-0

[Event "14. Abierto de la Constitucion"]
[Site "San Sebastian delos Reyes ESP"]
[Date "2012.12.08"]
[Round "8.11"]
[White "Gueler Berdasco, Martin"]
[Black "Gonzalez Mateo, Jose Luis"]
[Result "1-0"]
[WhiteElo "1921"]
[BlackElo "1796"]
[PlyCount "97"]
[EventDate "2012.12.01"]
[EventType "swiss"]
[EventRounds "9"]
[EventCountry "ESP"]
[Source "lmi"]
[SourceDate "2012.12.01"]

1. b4 g6 2. Bb2 Nf6 3. c4 Bg7 4. Nf3 O-O 5. g3 c6 6. Bg2 Qb6 7. a3 Ne4 8. c5
Qd8 9. Bxg7 Kxg7 10. Nc3 d5 11. cxd6 Nxd6 12. O-O Nd7 13. e4 e5 14. d4 Qf6 15.
dxe5 Nxe5 16. Nxe5 Qxe5 17. Qd3 Rd8 18. f4 Qh5 19. Qd4+ f6 20. e5 Nf7 21. exf6+
Kg8 22. Qc4 Qf5 23. Rfe1 Qxf6 24. Ne4 Qg7 25. Nc5 Qf6 26. b5 Rd2 27. Re8+ Kg7
28. Rae1 Rd8 29. R8e7 Rb8 30. bxc6 bxc6 31. Bxc6 Bh3 32. Be8 Rxe8 33. Rxe8 Rxe8
34. Rxe8 Qa1+ 35. Kf2 Nd6 36. Qg8+ Kh6 37. Qf8+ Kh5 38. Qxd6 Qf1+ 39. Ke3 Qe1+
40. Kd4 Qxe8 41. Qe5+ Qxe5+ 42. fxe5 Bg2 43. e6 Bc6 44. Ke5 Be8 45. h3 g5 46.
Kf6 g4 47. h4 Kh6 48. Ne4 a5 49. Nd6 1-0

[Event "14. Abierto de la Constitucion"]
[Site "San Sebastian delos Reyes ESP"]
[Date "2012.12.08"]
[Round "8.12"]
[White "Gonzalez Mateos, Rafael"]
[Black "Garcia Martinez, Jorge"]
[Result "1-0"]
[WhiteElo "2128"]
[BlackElo "1847"]
[PlyCount "133"]
[EventDate "2012.12.01"]
[EventType "swiss"]
[EventRounds "9"]
[EventCountry "ESP"]
[Source "lmi"]
[SourceDate "2012.12.01"]

1. d4 Nf6 2. c3 g6 3. Bg5 Bg7 4. Nd2 O-O 5. e4 d6 6. f4 c5 7. d5 Qc7 8. Ngf3 e6
9. dxe6 Bxe6 10. Bd3 Re8 11. Qe2 Nbd7 12. O-O Qb6 13. Kh1 Nh5 14. f5 Bxf5 15.
Qf2 Be6 16. Bc4 Nhf6 17. Bf4 d5 18. exd5 Nxd5 19. Ng5 Rf8 20. Qh4 h5 21. Nxe6
Qxe6 22. Nb3 N7f6 23. Bg5 Qe4 24. Qxe4 Nxe4 25. Bxd5 Nxg5 26. Bxb7 Rad8 27.
Nxc5 Rd2 28. Rab1 Rb8 29. Nb3 Re2 30. Ba6 Re5 31. Rbe1 Ne6 32. Bc4 a5 33. Rxe5
Bxe5 34. Re1 Bg7 35. a4 Kh7 36. g3 Kh6 37. Re2 Ra8 38. Bxe6 fxe6 39. Nc5 e5 40.
Kg2 Rc8 41. Nd3 Rc4 42. Nxe5 Rxa4 43. Nf7+ Kh7 44. Kf3 Ra2 45. Ng5+ Kh6 46. Ne6
a4 47. Nxg7 Kxg7 48. Ke3 a3 49. bxa3 Rxa3 50. Kd4 Ra8 51. Re5 Kf6 52. Re3 Kg5
53. c4 Kg4 54. c5 Rd8+ 55. Kc4 Rd2 56. c6 Rxh2 57. c7 Rc2+ 58. Rc3 Rxc3+ 59.
Kxc3 Kxg3 60. c8=Q h4 61. Qc7+ Kg2 62. Qc6+ Kh2 63. Kd2 g5 64. Ke2 h3 65. Kf1
g4 66. Qc2+ Kh1 67. Qf2 1-0

[Event "14. Abierto de la Constitucion"]
[Site "San Sebastian delos Reyes ESP"]
[Date "2012.12.08"]
[Round "8.14"]
[White "Perez Alvarez, Javier"]
[Black "Santamaria Farran, Pablo"]
[Result "1/2-1/2"]
[WhiteElo "1824"]
[BlackElo "1880"]
[PlyCount "78"]
[EventDate "2012.12.01"]
[EventType "swiss"]
[EventRounds "9"]
[EventCountry "ESP"]
[Source "lmi"]
[SourceDate "2012.12.01"]

1. e4 c5 2. Nf3 d6 3. d4 cxd4 4. Nxd4 Nf6 5. f3 a6 6. c4 g6 7. Nc3 Bg7 8. Be2
O-O 9. O-O Bd7 10. Be3 Nc6 11. Nc2 Rc8 12. Qd2 Ne5 13. b3 Bc6 14. Rac1 h5 15.
Rfe1 Kh7 16. h3 Ned7 17. Nd5 Bxd5 18. exd5 Ng8 19. Nd4 Bh6 20. Bd3 Bxe3+ 21.
Qxe3 Qb6 22. Kh1 Rfe8 23. Qf4 Nh6 24. Bb1 Nf8 25. g4 hxg4 26. hxg4 e5 27. dxe6
Nxe6 28. Nxe6 Rxe6 29. Rxe6 fxe6 30. g5 Nf5 31. Qh2+ Kg8 32. Bxf5 exf5 33. Re1
Qc6 34. Qe2 d5 35. cxd5 Qxd5 36. Qe6+ Qxe6 37. Rxe6 Kf7 38. Rf6+ Kg7 39. Rb6
Rc7 1/2-1/2

[Event "14. Abierto de la Constitucion"]
[Site "San Sebastian delos Reyes ESP"]
[Date "2012.12.08"]
[Round "8.16"]
[White "Gonzalez Berrendero, Carlos"]
[Black "Garcia Prados, David"]
[Result "1-0"]
[WhiteElo "1743"]
[BlackElo "2025"]
[PlyCount "57"]
[EventDate "2012.12.01"]
[EventType "swiss"]
[EventRounds "9"]
[EventCountry "ESP"]
[Source "lmi"]
[SourceDate "2012.12.01"]

1. b4 b6 2. Bb2 Bb7 3. Nf3 Nf6 4. e3 e6 5. b5 Be7 6. c4 c5 7. Bd3 d5 8. cxd5
Nxd5 9. Bxg7 Rg8 10. Be5 Rxg2 11. Bg3 Bf6 12. Nc3 Nxc3 13. dxc3 Rxg3 14. hxg3
Bxc3+ 15. Ke2 Qf6 16. Nd2 Nd7 17. Ne4 Bxe4 18. Bxe4 O-O-O 19. Qa4 Ba5 20. Rad1
Qb2+ 21. Kf3 f5 22. Bc6 Ne5+ 23. Kg2 Rh8 24. Rd6 Ng4 25. Qf4 Bd2 26. Bd7+ Kb7
27. Bc6+ Kc7 28. Bb7 Kxb7 29. Rd7+ 1-0

[Event "14. Abierto de la Constitucion"]
[Site "San Sebastian delos Reyes ESP"]
[Date "2012.12.08"]
[Round "8.17"]
[White "Esquivias Gomez, Francisco J"]
[Black "Herranz Sanchez, Pablo"]
[Result "1/2-1/2"]
[WhiteElo "1981"]
[BlackElo "1706"]
[PlyCount "41"]
[EventDate "2012.12.01"]
[EventType "swiss"]
[EventRounds "9"]
[EventCountry "ESP"]
[Source "lmi"]
[SourceDate "2012.12.01"]

1. e4 c5 2. c4 Nc6 3. Nc3 d6 4. g3 g6 5. Bg2 Bg7 6. Nge2 e6 7. O-O Nge7 8. d3
O-O 9. Be3 a6 10. Qd2 Re8 11. Bh6 Bh8 12. Rae1 Rb8 13. g4 Ne5 14. h3 f5 15.
exf5 exf5 16. Bg5 Nf7 17. Nd5 Nxg5 18. Qxg5 Nxd5 19. Qxd8 Rxd8 20. Bxd5+ Kf8
21. f3 1/2-1/2

[Event "14. Abierto de la Constitucion"]
[Site "San Sebastian delos Reyes ESP"]
[Date "2012.12.08"]
[Round "8.18"]
[White "Marcos Herrero, Francisco"]
[Black "Cerrato Torrijos, Javier"]
[Result "1/2-1/2"]
[WhiteElo "1923"]
[BlackElo "1738"]
[PlyCount "67"]
[EventDate "2012.12.01"]
[EventType "swiss"]
[EventRounds "9"]
[EventCountry "ESP"]
[Source "lmi"]
[SourceDate "2012.12.01"]

1. d4 Nf6 2. c4 e6 3. g3 c5 4. d5 exd5 5. cxd5 d6 6. Nc3 Bf5 7. Bg2 Nbd7 8. Nf3
Be7 9. O-O O-O 10. b3 Ne4 11. Nxe4 Bxe4 12. Bb2 Bf6 13. Bxf6 Nxf6 14. Nd2 Bxg2
15. Kxg2 Nxd5 16. Ne4 Nf6 17. Nxd6 Qe7 18. Nc4 Rfe8 19. Ne3 Rad8 20. Qc2 Ne4
21. Rad1 Rxd1 22. Rxd1 Nxf2 23. Kxf2 Qxe3+ 24. Kf1 Qe6 25. Qd3 h6 26. Rd2 Qc6
27. Kg1 Qe4 28. Qd6 Qe7 29. Qd5 Qe5 30. Qd7 Qe6 31. Kf1 Qe4 32. Kg1 Re7 33.
Qc8+ Kh7 34. Qxc5 1/2-1/2

[Event "14. Abierto de la Constitucion"]
[Site "San Sebastian delos Reyes ESP"]
[Date "2012.12.08"]
[Round "8.19"]
[White "Lopez Ziegler, Carlos"]
[Black "Ballesteros Jimenez, Miguel A"]
[Result "1-0"]
[WhiteElo "1910"]
[BlackElo "1672"]
[PlyCount "47"]
[EventDate "2012.12.01"]
[EventType "swiss"]
[EventRounds "9"]
[EventCountry "ESP"]
[Source "lmi"]
[SourceDate "2012.12.01"]

1. e4 d5 2. exd5 Qxd5 3. Nc3 Qd6 4. g3 Nf6 5. Bg2 c6 6. Nge2 Bf5 7. d4 e6 8.
Bf4 Qb4 9. O-O Nbd7 10. Qd2 Nd5 11. a3 Qxb2 12. Nxd5 cxd5 13. Rfb1 Qxc2 14.
Qxc2 Bxc2 15. Rxb7 Nb6 16. Nc3 Nc4 17. Nb5 Rc8 18. Nxa7 Rd8 19. Nb5 Bd6 20.
Bxd6 Nxd6 21. Nxd6+ Rxd6 22. Rc1 Ba4 23. Rc8+ Rd8 24. Rxd8+ 1-0

[Event "14. Abierto de la Constitucion"]
[Site "San Sebastian delos Reyes ESP"]
[Date "2012.12.08"]
[Round "8.21"]
[White "Hernandez Ramos, David"]
[Black "Barroso Barroso, Jorge"]
[Result "0-1"]
[WhiteElo "1701"]
[BlackElo "1853"]
[PlyCount "110"]
[EventDate "2012.12.01"]
[EventType "swiss"]
[EventRounds "9"]
[EventCountry "ESP"]
[Source "lmi"]
[SourceDate "2012.12.01"]

1. d4 Nf6 2. c4 c5 3. d5 b5 4. e3 bxc4 5. Bxc4 g6 6. Nf3 Bg7 7. O-O O-O 8. Nc3
d6 9. Re1 Nbd7 10. e4 Ng4 11. Bb3 Nge5 12. Nxe5 Nxe5 13. Bf4 Qa5 14. Rc1 Ba6
15. Bxe5 Bxe5 16. Qd2 Rab8 17. Bd1 Rb7 18. Be2 Rfb8 19. Bxa6 Qxa6 20. b3 Qa5
21. Rc2 Qb4 22. Nb1 a5 23. Rc4 Qxd2 24. Nxd2 Rb4 25. Rxb4 cxb4 26. Nc4 Bc3 27.
Rb1 Rb7 28. Kf1 Rc7 29. Rc1 a4 30. Ke2 axb3 31. axb3 Ra7 32. Kd3 Ra2 33. Rf1
Kf8 34. h3 Ke8 35. g3 Kd8 36. g4 Kc7 37. Ke3 e6 38. dxe6 fxe6 39. Rd1 Ra6 40.
f4 Kd7 41. Kf3 Ke7 42. h4 Ra3 43. Rxd6 Rxb3 44. Rd3 Rb1 45. f5 Rf1+ 46. Kg2 Rf4
47. Kg3 Rxe4 48. Nd2 Re2 49. Nb1 Rc2 50. Re3 e5 51. fxg6 hxg6 52. h5 gxh5 53.
gxh5 Rc1 54. h6 Kf7 55. Kg2 Rxb1 0-1

[Event "14. Abierto de la Constitucion"]
[Site "San Sebastian delos Reyes ESP"]
[Date "2012.12.08"]
[Round "8.22"]
[White "Sebastian Enesco, Alex"]
[Black "Perez Gonzalez, Jesus Miguel"]
[Result "1-0"]
[WhiteElo "1731"]
[BlackElo "1809"]
[PlyCount "65"]
[EventDate "2012.12.01"]
[EventType "swiss"]
[EventRounds "9"]
[EventCountry "ESP"]
[Source "lmi"]
[SourceDate "2012.12.01"]

1. e4 e5 2. Nf3 Nc6 3. Be2 Nf6 4. Nc3 g6 5. O-O Bg7 6. d4 exd4 7. Nxd4 O-O 8.
Nxc6 bxc6 9. Bg5 Qe8 10. Bd3 d6 11. Re1 Rb8 12. Bc4 Be6 13. Bb3 Nd7 14. Qd2 Nc5
15. Bh6 Qe7 16. Bxg7 Kxg7 17. f4 Qd7 18. Re3 Rb4 19. f5 Bxb3 20. axb3 a6 21.
Rh3 h5 22. f6+ Kh7 23. Qe2 Kh6 24. g4 Re8 25. Qe3+ Kh7 26. gxh5 Rexe4 27. hxg6+
Kxg6 28. Rh6+ Kf5 29. Nxe4 Rxe4 30. Rf1+ Ke6 31. Qh3+ Kd5 32. Rh5+ Re5 33. c4+
1-0

[Event "14. Abierto de la Constitucion"]
[Site "San Sebastian delos Reyes ESP"]
[Date "2012.12.08"]
[Round "8.25"]
[White "Alvarez Gonzalez, Eduardo"]
[Black "Garcia Lopez, Fernando"]
[Result "1-0"]
[WhiteElo "1783"]
[BlackElo "1657"]
[PlyCount "101"]
[EventDate "2012.12.01"]
[EventType "swiss"]
[EventRounds "9"]
[EventCountry "ESP"]
[Source "lmi"]
[SourceDate "2012.12.01"]

1. d4 Nf6 2. c4 e6 3. Bg5 h6 4. Bh4 g5 5. Bg3 Nh5 6. Nc3 Bb4 7. Qb3 Bxc3+ 8.
Qxc3 Nxg3 9. hxg3 Qf6 10. e3 Nc6 11. Be2 b6 12. Bf3 Bb7 13. Ne2 Qg7 14. g4
O-O-O 15. O-O-O h5 16. Rxh5 Rxh5 17. gxh5 g4 18. Be4 f5 19. Bxc6 Bxc6 20. d5
Qxc3+ 21. Nxc3 exd5 22. Nxd5 Re8 23. h6 Kd8 24. Rh1 Bxd5 25. cxd5 Ke7 26. h7
Rh8 27. Kc2 Kf6 28. Kc3 Kg6 29. b4 a6 30. f3 Rxh7 31. Rxh7 Kxh7 32. f4 d6 33.
Kd4 Kg6 34. e4 fxe4 35. Kxe4 Kf6 36. g3 Kg6 37. f5+ Kg5 38. a4 b5 39. a5 Kh6
40. Kf4 Kh5 41. f6 Kg6 42. Kxg4 Kxf6 43. Kf4 c5 44. dxc6 Ke6 45. Ke4 d5+ 46.
Kd4 Kd6 47. c7 Kxc7 48. Kxd5 Kd7 49. Kc5 Ke6 50. g4 Ke5 51. g5 1-0

[Event "14. Abierto de la Constitucion"]
[Site "San Sebastian delos Reyes ESP"]
[Date "2012.12.08"]
[Round "8.27"]
[White "Hidalgo Prado, David"]
[Black "Garceran Izquierdo, Ruben"]
[Result "0-1"]
[WhiteElo "1407"]
[BlackElo "1669"]
[PlyCount "68"]
[EventDate "2012.12.01"]
[EventType "swiss"]
[EventRounds "9"]
[EventCountry "ESP"]
[Source "lmi"]
[SourceDate "2012.12.01"]

1. e4 d5 2. exd5 Qxd5 3. Nc3 Qa5 4. d3 Nf6 5. Bd2 Nc6 6. h3 e6 7. Nf3 Bc5 8.
Ne4 Qb6 9. Nxc5 Qxc5 10. a3 O-O 11. Bc3 Nd5 12. Qd2 Nxc3 13. Qxc3 Qxc3+ 14.
bxc3 b6 15. g4 Bb7 16. Rg1 Rfe8 17. Bg2 Rad8 18. O-O-O Ba8 19. Kb2 a6 20. c4
Nd4 21. Nxd4 Rxd4 22. Bxa8 Rxa8 23. c3 Rf4 24. Rg2 Rd8 25. Kc2 Kf8 26. Re1 Rd6
27. d4 c5 28. Kd3 cxd4 29. Rb1 Rf3+ 30. Kc2 Rxc3+ 31. Kd2 Rxa3 32. c5 bxc5 33.
Rb8+ Ke7 34. Rh8 Rxh3 0-1

[Event "14. Abierto de la Constitucion"]
[Site "San Sebastian delos Reyes ESP"]
[Date "2012.12.08"]
[Round "8.29"]
[White "Jimenez Perez, Federico"]
[Black "Engelbrecht, Kevin P"]
[Result "0-1"]
[WhiteElo "1275"]
[BlackElo "1702"]
[PlyCount "114"]
[EventDate "2012.12.01"]
[EventType "swiss"]
[EventRounds "9"]
[EventCountry "ESP"]
[Source "lmi"]
[SourceDate "2012.12.01"]

1. e4 e5 2. Nf3 Nf6 3. Nxe5 d6 4. Nf3 Nxe4 5. d4 d5 6. Bd3 Nc6 7. O-O Be7 8.
Re1 Bg4 9. Bxe4 dxe4 10. Rxe4 Bxf3 11. Qxf3 Nxd4 12. Qd3 Nc6 13. Nc3 Qxd3 14.
cxd3 O-O-O 15. Bf4 Rxd3 16. Rae1 Rhd8 17. a3 a6 18. Rc1 Bxa3 19. bxa3 Rxc3 20.
Ree1 Rxa3 21. h4 Rad3 22. g4 R3d4 23. Bg3 Rxg4 24. Kg2 a5 25. Kh3 Rgd4 26. f4
f5 27. h5 a4 28. Rc5 g6 29. Bh4 Rd3+ 30. Kg2 Rd2+ 31. Kf1 R8d4 32. Bg5 Rd1 33.
hxg6 hxg6 34. Rc1 Rxc1 35. Rxc1 a3 36. Ra1 Rd3 37. Ke2 Rh3 38. Kd2 b5 39. Re1
a2 40. Bf6 b4 41. Kc2 b3+ 42. Kb2 Na5 43. Re8+ Kb7 44. Re2 Rh1 45. Ka3 a1=Q+
46. Bxa1 Rxa1+ 47. Kb4 Nc6+ 48. Kc3 Rc1+ 49. Kb2 Rc2+ 50. Rxc2 bxc2 51. Kxc2
Kb6 52. Kc3 Ne7 53. Kd4 c5+ 54. Kc4 Kc6 55. Kd3 Nd5 56. Ke2 Nxf4+ 57. Kf3 Ne6
0-1

[Event "14. Abierto de la Constitucion"]
[Site "San Sebastian delos Reyes ESP"]
[Date "2012.12.08"]
[Round "8.30"]
[White "San Felipe Asis, Raquel"]
[Black "Bachiller Corral, Jose Maria"]
[Result "1-0"]
[WhiteElo "1683"]
[BlackElo "1366"]
[PlyCount "61"]
[EventDate "2012.12.01"]
[EventType "swiss"]
[EventRounds "9"]
[EventCountry "ESP"]
[Source "lmi"]
[SourceDate "2012.12.01"]

1. e4 e6 2. d4 d5 3. exd5 exd5 4. Nf3 Nf6 5. Bd3 Bg4 6. O-O Bd6 7. Re1+ Be6 8.
Bg5 Nbd7 9. Nbd2 O-O 10. c4 c6 11. c5 Be7 12. Qc2 g6 13. Ne5 Re8 14. f4 Nxe5
15. fxe5 Ng4 16. Bxe7 Qxe7 17. h3 Nh6 18. Rf1 Qg5 19. Rf3 Qh4 20. Nb3 Bf5 21.
Raf1 Bxd3 22. Qxd3 Re6 23. Rf4 Qe7 24. g4 Rf8 25. Nd2 f5 26. Qg3 fxg4 27. Rxf8+
Kg7 28. hxg4 Qg5 29. Qf4 Qh4 30. g5 Ng4 31. Qf7# 1-0

[Event "14. Abierto de la Constitucion"]
[Site "San Sebastian delos Reyes ESP"]
[Date "2012.12.08"]
[Round "8.35"]
[White "Bachiller Guitian, Eduardo"]
[Black "Anton Quevedo, Andrea"]
[Result "0-1"]
[WhiteElo "1501"]
[BlackElo "1419"]
[PlyCount "78"]
[EventDate "2012.12.01"]
[EventType "swiss"]
[EventRounds "9"]
[EventCountry "ESP"]
[Source "lmi"]
[SourceDate "2012.12.01"]

1. e4 c5 2. d4 cxd4 3. Nf3 Nc6 4. Nxd4 Nf6 5. Nc3 d6 6. f4 e6 7. Bb5 Bd7 8.
Bxc6 bxc6 9. e5 dxe5 10. fxe5 Nd5 11. Nxd5 cxd5 12. Rf1 Bc5 13. c3 Qh4+ 14. Rf2
Qxh2 15. b4 Qxe5+ 16. Re2 Qg3+ 17. Kd2 Bxd4 18. cxd4 Bb5 19. Qe1 Qf4+ 20. Kd1
Qxd4+ 21. Rd2 Ba4+ 22. Ke2 Qe4+ 23. Kf2 Qxe1+ 24. Kxe1 O-O 25. a3 Rac8 26. Bb2
Rc4 27. Be5 Bb5 28. a4 Re4+ 29. Kf2 Bxa4 30. Bxg7 Kxg7 31. Rxa4 Rb8 32. Rxa7
Rbxb4 33. Rc2 d4 34. Rcc7 Rf4+ 35. Ke1 Rb2 36. g3 Rf3 37. Rd7 d3 38. g4 Kg6 39.
Ra3 d2+ 0-1

[Event "14. Abierto de la Constitucion"]
[Site "San Sebastian delos Reyes ESP"]
[Date "2012.12.09"]
[Round "9.1"]
[White "Valles Moreno, Ivan"]
[Black "Moreno Ruiz, Javier"]
[Result "1/2-1/2"]
[WhiteElo "2382"]
[BlackElo "2492"]
[PlyCount "23"]
[EventDate "2012.12.01"]
[EventType "swiss"]
[EventRounds "9"]
[EventCountry "ESP"]
[Source "lmi"]
[SourceDate "2012.12.01"]

1. d4 Nf6 2. Nf3 e6 3. Bf4 b6 4. e3 Bb7 5. Bd3 d6 6. Nbd2 Nbd7 7. c3 Be7 8. Qe2
Nh5 9. Bg3 Nxg3 10. hxg3 h6 11. g4 a6 12. Ne4 1/2-1/2

[Event "14. Abierto de la Constitucion"]
[Site "San Sebastian delos Reyes ESP"]
[Date "2012.12.09"]
[Round "9.2"]
[White "Rubio Mejia, Luis Ignacio"]
[Black "Adan Bermudez, Sergio"]
[Result "1-0"]
[WhiteElo "2432"]
[BlackElo "2285"]
[PlyCount "61"]
[EventDate "2012.12.01"]
[EventType "swiss"]
[EventRounds "9"]
[EventCountry "ESP"]
[Source "lmi"]
[SourceDate "2012.12.01"]

1. d4 d6 2. Nf3 g6 3. c4 Bg7 4. Nc3 c5 5. e3 Nf6 6. Be2 O-O 7. O-O Bf5 8. h3
Na6 9. d5 Nc7 10. a4 b6 11. Bd3 Bxd3 12. Qxd3 a6 13. Rb1 Rb8 14. b4 cxb4 15.
Rxb4 Nd7 16. Nd4 Nc5 17. Qd2 Qd7 18. Nc6 Rb7 19. Rb1 e6 20. Bb2 b5 21. axb5
axb5 22. Nxb5 Nb3 23. Qc2 exd5 24. Bxg7 Qxc6 25. Nxc7 dxc4 26. Bxf8 Kxf8 27.
Rxb3 Rxb3 28. Rc1 Rb4 29. Qd2 Rb3 30. Nd5 Rb5 31. e4 1-0